Cluedo - The Game - Statistics

General Stats
  • This quiz has been taken 165 times
  • The average score is 15 of 21
Answer Stats
Answer % Correct
Dagger
87%
Kitchen
85%
Revolver
85%
Rope
79%
Colonel Mustard
76%
Lead Piping
76%
Professor Plum
76%
Reverend Green
74%
Mrs. White
73%
Spanner
73%
Dining Room
72%
Hall
72%
Library
71%
Miss Scarlett
70%
Candlestick
67%
Study
67%
Conservatory
65%
Billiard Room
64%
Lounge
62%
Mrs. Peacock
61%
Ballroom
55%
No matching quizzes found
Score Distribution
Percent of People with Each Score
Percentile by Number Answered
Your Score History
You have not taken this quiz